After. Pouto /

V citových vírech se opět budou topit a zachraňovat hrdinové Tessa a Hardin. Fanfiction inspirovaná chlapeckou skupinou One Direction.

Hlavní autor: Todd, Anna
Další autoři: Faltejsková, Lenka, 1974-
Jazyk: Čeština
Vydáno: Praha : Euromedia Group, 2020
Vydání: Vydání druhé
Edice: Yoli
Témata:
Fyzický popis: 428 stran ; 20 cm
Language note: Český text
Knihy
Uloženo v:
LEADER 02560nam a2200505 i 4500
001 nkc20203230410
003 CZ PrNK
005 20240808133923.0
007 ta
008 201103s2020 xr g 000 f cze
015 |a cnb003230410 
020 |a 978-80-242-6800-2  |q (brožováno) :  |c Kč 349,00 
035 |a (OCoLC)1237098090 
040 |a ABG001  |b cze  |d ABA001  |e rda 
041 1 |a cze  |h eng 
072 7 |a 821.111(73)-3  |x Americká próza  |2 Konspekt  |9 25 
080 |a 821.111(73)-31  |2 MRF 
080 |a (0:82-312.5)  |2 MRF 
100 1 |a Todd, Anna  |7 kv2015884065  |4 aut 
240 1 0 |a After ever happy.  |l Česky 
245 1 0 |a After.  |p Pouto /  |c Anna Todd ; z anglického originálu After ever happy ... přeložila Lenka Faltejsková 
246 3 0 |a Pouto 
250 |a Vydání druhé 
264 1 |a Praha :  |b Euromedia Group,  |c 2020 
300 |a 428 stran ;  |c 20 cm 
336 |a text  |b txt  |2 rdacontent 
337 |a bez média  |b n  |2 rdamedia 
338 |a svazek  |b nc  |2 rdacarrier 
490 1 |a Yoli 
520 2 |a V citových vírech se opět budou topit a zachraňovat hrdinové Tessa a Hardin. Fanfiction inspirovaná chlapeckou skupinou One Direction.  |b Tessa a Hardin jsou tím druhem páru, který nedokáže žít bez sebe, ale ani spolu. Jejich vztah je nabitý vzestupy a pády a neustálými citovými uragány, které jim komplikují život. Situaci nezjednodušují ani překvapivá odhalení o vlastních rodinách a nové a nové překážky. Přece jen ale jejich vztah a životní komplikace jistou změnu přinesly. Oba mladí lidé se změnili. Tessa už není jen naivní poslušnou dívkou, ale sebevědomou mladou ženou a Hardin také poodstoupil ze své pozice chladnokrevného nemilosrdného potížisty s výbušnou povahou. Nyní je však vztah obou milenců opět na ostří nože. Hardina dostihla temná minulosti a hodlá proto od sebe odehnat všechny blízké včetně Tessy. Ta ovšem hodlá za svou lásku bojovat až do konce. 
546 |a Český text 
653 0 |a literatura new adult 
655 7 |a americké romány  |7 fd131796  |2 czenas 
655 7 |a milostné romány  |7 fd132840  |2 czenas 
655 9 |a American fiction  |2 eczenas 
655 9 |a love novels  |2 eczenas 
700 1 |a Faltejsková, Lenka,  |d 1974-  |7 ola2003191643  |4 trl 
787 0 8 |i Z cyklu:  |t After  |g 4 
830 0 |a Yoli  |0 s 
910 2 |a BOA001  |b 1-1456.266 
920 |a 4563439  |z ABG001 
990 |a BK 
995 |a 01 
991 |b 202012  |c NOV 
996 6 |b 2610846770  |c 1-1456.266  |l MZK  |r Sklad / do 1 hodiny  |n 1  |p p.v.  |w 001835521  |u 000010  |a 1  |e BOA001  |j MZK50  |s P